Finansije Časopis za teoriju i praksu iz oblasti finansija

Na minha lista:
Detalhes bibliográficos
Formato: Periódico
Idioma:sérvio
Publicado em: Beograd Privredni pregled 1986
Tags: Adicionar Tag
Sem tags, seja o primeiro a adicionar uma tag!

MARC

LEADER 00000nas2a2200000 4500
001 s025354
005 20250730114134.2
041 0 |a srp 
044 |a YU 
245 1 0 |a Finansije  |b Časopis za teoriju i praksu iz oblasti finansija 
264 1 |a Beograd  |b Privredni pregled  |c 1986 
773 0 |w eu_un_cat*s120703